|
|
|
|
| LEADER |
00000nam a22000007a 4500 |
| 008 |
180924b2018 cr ||||| |||| 00| | spa d |
| 999 |
|
|
|c 3556
|d 3556
|
| 090 |
|
|
|a 06.05.03
|b 2495
|
| 100 |
1 |
|
|9 1121
|a Araya Rivera, Carlos
|
| 245 |
1 |
3 |
|a La radio estudiantil como una estrategia didáctica promovida desde la biblioteca o el centro de recursos para el aprendizaje /
|c Carlos Araya Rivera, Marcela Gil Calderón
|
| 260 |
|
|
|a [San José, Costa Rica] :
|b INIE,
|c 2018
|
| 300 |
|
|
|a 60 páginas
|
| 500 |
|
|
|a Informe final Proyecto de Investigación (2017) N° 724-B5-128
|
| 650 |
1 |
0 |
|a RADIO EDUCATIVA
|9 2369
|
| 650 |
1 |
4 |
|9 1029
|a COMUNICACIÓN DE MASAS
|
| 650 |
1 |
4 |
|9 812
|a ESTRATEGIAS EDUCATIVAS
|
| 650 |
1 |
4 |
|9 3964
|a BIBLIOTECA ESCOLAR
|
| 650 |
1 |
4 |
|9 345
|a COMPETENCIA
|
| 650 |
1 |
4 |
|9 4288
|a CENTROS DE RECURSOS PARA EL APRENDIZAJE
|
| 700 |
|
|
|9 4289
|a Gil Calderón, Marcela
|
| 942 |
|
|
|i 004527
|h 06.05.03 2495
|2 z
|c 04
|